Introduction to culture and heritage of Assam/ (Record no. 11774)

MARC details
000 -LEADER
fixed length control field 00572nam a22002057a 4500
005 - DATE AND TIME OF LATEST TRANSACTION
control field 20240229135400.0
008 - FIXED-LENGTH DATA ELEMENTS--GENERAL INFORMATION
fixed length control field 240229b ||||| |||| 00| 0 eng d
020 ## - INTERNATIONAL STANDARD BOOK NUMBER
International Standard Book Number 9789360789350
040 ## - CATALOGING SOURCE
Original cataloging agency IN-DiNC
Transcribing agency IN-DiNC
041 ## - LANGUAGE CODE
Language code of sung or spoken text English
082 ## - DEWEY DECIMAL CLASSIFICATION NUMBER
Classification number 954.162
Item number SEN
100 ## - MAIN ENTRY--PERSONAL NAME
Personal name Sen, Sanjay
Relator term Author
245 ## - TITLE STATEMENT
Title Introduction to culture and heritage of Assam/
Statement of responsibility, etc. by Sanjay Sen
250 ## - EDITION STATEMENT
Edition statement 1st imp.
260 ## - PUBLICATION, DISTRIBUTION, ETC.
Place of publication, distribution, etc. Guwahati:
Name of publisher, distributor, etc. Ashok publication,
Date of publication, distribution, etc. 2024.
300 ## - PHYSICAL DESCRIPTION
Extent 223p.
650 ## - SUBJECT ADDED ENTRY--TOPICAL TERM
Topical term or geographic name entry element Archaeological remains
650 ## - SUBJECT ADDED ENTRY--TOPICAL TERM
Topical term or geographic name entry element Historical monuments of Assam
942 ## - ADDED ENTRY ELEMENTS (KOHA)
Source of classification or shelving scheme Dewey Decimal Classification
Koha item type Books
Holdings
Withdrawn status Lost status Source of classification or shelving scheme Damaged status Not for loan Collection code Home library Current library Shelving location Date acquired Cost, normal purchase price Total Checkouts Full call number Barcode Date last seen Date last checked out Copy number Price effective from Koha item type
    Dewey Decimal Classification     History Central Library, Naharkatiya College Central Library, Naharkatiya College General Stacks 29/02/2024 295.00 6 954.162 SEN 29844 16/02/2026 03/02/2026 1 29/02/2024 Books
    Dewey Decimal Classification     History Central Library, Naharkatiya College Central Library, Naharkatiya College General Stacks 29/02/2024 295.00 12 954.162 SEN 29845 12/05/2026 22/04/2026 2 29/02/2024 Books

Naharkatiya College © 2020. All rights reserved.

Powered By